000 01901 a2200205 4500
001 36402
005 20260407155639.0
008 260407a1974 arg spa d
003 AR-UNSa-BCEJYS
040 _aAR-UNSa-BCEJYS
_bspa
_cAR-UNSa-BCEJYS
080 _a658.15
_xAdministración financiera privada. Gestión financiera de empresas
245 1 0 _aFinanciación internacional
020 _a84-309-0483-2
264 1 _aMadrid :
_bTecnos
_c1974
300 _a331 p.
_c24 cm.
505 _aI. El mecanismo de ajuste con tipos de cambio fijos: 1. De la balanza de pagos - 2. Mito y realidades del llamado patrón oro - 3. El problema de las transferencias y la estabilidad del cambio - 4. Algunas implicaciones de la experiencia de Puerto Rico - II. Ajuste mediante variaciones en los tipos de cambio : 5. El mercado de cambio y la estabilidad de la balanza de pagos: un análisis teoríco - 6. El papel del dinero en la estabilidad de la balanza comercial; síntesis de los enfoques de elasticidad y absorción - 7. Datos sobre el mecanismo internacional de precios - 8. La doctrina de paridad del poder adquisitivo - 9. Flexibilidad limitada del tipo de cambio - 10. Areas monetarias óptimas - III. Política gubernamental y ajuste de la balanza de pagos: 11. Hacia una teoría general de la balanza de pagos - 12. Representación geométrica de políticas para obtener el equilibrio interno y externo - 13. Políticas financieras nacionales con tipos de cambio fijo y flotante - 14. Problemas teóricos del sistema monetario internacional - IV. Liquídez internacional y movimientos internacionales de capital: 15. La regla de la consigna de las reservas internacionales: creación de reservas y transferencias de recursos - 16. La invensión internacional actual a la luz de la experiencia del siglo XIX.
942 _cBK
590 _aniveau_biblio:m niveau_hierar:0
100 1 _aCooper, R.N.
999 _c2644
_d2644